MDQL
is popping MORE tags! Check the
thread
!
Quizzes
Events
Quiz Creation
Community
Videos
Private Events
Remove Ads
Sign In
Join for FREE
Feedback
Dark Mode
Quiz Categories
Sports
Geography
Music
Movies
Television
Just For Fun
Miscellaneous
History
Literature
Language
Science
Gaming
Entertainment
Religion
Holiday
For Kids
Quiz Lab
Recent
Popular Today
Quiz Kudos Today
Editor Picks
Curator Picks
Quizzes by...
Day
Popularity
Type
Ratings
Length
Year
Community
Subscriptions
Recent Discussions
Orange Saloon
Badges
Playlists
Quests
Create
Leaderboards
Showdown
Live 5
Trivia Bingo
Activity
Puzzle Library
Sporcle Events
Private Events
Virtual Trivia
Globe League
Become a Host
Pub Owners
SporcleCon
Opinionation
Our Games
Videos
Blog
Mobile Apps
Partnerships
Remove Ads and Go Orange
Feedback
Music
Pop Music
The Beatles
Song
Album
Lyrics
Bands
Singers
Artist
Clip
Rock
Rap
Classical
Billboard
Country Music
Kpop
Taylor Swift
Music
Pop Music
The Beatles
Song
Album
Lyrics
Bands
Singers
Artist
Clip
Rock
Rap
Classical
Billboard
Country Music
Kpop
Taylor Swift
Random Quiz
Search Sporcle
×
Quiz Lab
Quiz Lab
Music
Artist
Type in answers that appear in a list
Type in answers that appear in a list
Classic
Best Score? Go Orange.
All Eurovision 2019 Songs Stats
Can you name the All Eurovision 2019 Songs?
By
LexMario9
10m
41 Questions
35 Plays
35 Plays
35 Plays
Comments
Comments
Give Quiz Kudos
Give Quiz Kudos
-
- Ratings
hide this ad
Replay
Link that replays current quiz
Next Quiz
Link to next quiz in quiz playlist
You Got
0%
They Got
Avg Score
84%
Avg Friend Score
Upgrade to see
Score Distribution
Jump to the score distribution portion of the page
Score
0/41
Timer
10:00
0
Plays Today
Artist
Song
% Correct
Duncan Laurence
Arcade
97.1%
Kobi Marimi
Home
97.1%
S!sters
Sister
97.1%
Mahmood
Soldi
97.1%
Miki
La Venda
94.3%
ZENA
Like It
94.3%
Leonora
Love Is Forever
94.3%
Tamta
Replay
94.3%
Luca Hänni
She Got Me
94.3%
Victor Crone
Storm
94.3%
Sarah McTernan
22
91.4%
Michael Rice
Bigger Than Us
91.4%
Michela
Chameleon
91.4%
Lake Malawi
Friend Of A Friend
91.4%
Tamara Todevska
Proud
91.4%
Bilal Hassani
Roi
91.4%
Serhat
Say Na Na Na
91.4%
Sergey Lazarev
Scream
91.4%
KEiiNO
Spirit In The Sky
91.4%
Kate Miller-
Heidke
Zero Gravity
91.4%
Katerine Duska
Better Love
88.6%
Artist
Song
% Correct
John Lundvik
Too Late For Love
88.6%
Ester Peony
On A Sunday
85.7%
Roko
The Dream
85.7%
Tulia
Pali Sie (Fire Of Love)
82.9%
Zala Kralj & Gasper Santl
Sebi
82.9%
SrBuk
Walking Out
82.9%
D Mol
Heaven
80%
Darude ft. Sebastian Rejman
Look Away
80%
Jurij Veklenko
Run With The Lions
80%
Chingiz
Truth
80%
Nevena Bozovic
Kruna
77.1%
Eliot
Wake Up
77.1%
Conan Osiris
Telemóveis
71.4%
Hatari
Hatrid Mun Sigra
68.6%
Anna Odobescu
Stay
68.6%
PAENDA
Limits
65.7%
Carousel
That Night
65.7%
Joci Pápai
Az Én Apám
60%
Jonida Maliqi
Ktheju Tokës
60%
Oto Nemsadze
Keep On Going
51.4%
Quiz Playlist
Details
Report
Send in Message
Add To Playlist
Classic:
Type in answers that appear in a list
Last Updated: Sep 9, 2019
Quiz Scoreboard
CHALLENGE
Sign Up to Join the Scoreboard
Show All
Scores
Hide
Comments
May contain spoilers
Recently Published
Street Fighter Characters
by Artimus82
Gaming
60s
9x9 Crossword: Cartoon Network
by jackfrog10
Miscellaneous
3m
College Basketball Coaching Resumes
by pancakes188
Sports
9m
More to Explore
Quiz From the Vault
Featured Blog Post
Where Did the Easter Bunny Come From?
hide this ad
You Might Also Like...
Tags
Artist Quiz
Country Music Quiz
Singers Quiz
Song Quiz
Today's Top Quizzes in Music
Browse Music
hide this ad
Today's Top Quizzes in Artist
Browse Artist
Top Contributed Quizzes in Music
1
Taylor Swift All Songs (2024)
2
Taylor Swift Logic Puzzle
3
Guess the Artist- 70s Songs
4
7-to-1: Billboard Hot 100 #1 Hits of 2010s
5
Sorting Albums and Songs
6
KPOP LOGIC QUIZ
7
Guess the Taylor Swift song (Mystery Song)
8
Guess The Taylor Swift Lyrics Song #1
9
Billboard Blitz: ABBA
10
Billboard Blitz: The Beatles
Explore More
Trending Topics
Harry Potter
Marvel
Anime
Kpop
Crossword
NBA
Disney
NFL
Song
Country
Puzzle
Pokémon
The Office
WWE
Soccer
hide this ad
More By:
LexMario9
Quiz
Plays
Rating
Category
Featured
Created
All Mario Kart Characters
1,187
1.67
Gaming
Sep 6, 2019
FNAF Ultimate Custom Night Characters
932
5.00
Gaming
Sep 13, 2019
All Minecraft Blocks
422
1.80
Gaming
May 5, 2020
All Europe Countries (In Map)
266
1.00
Geography
Sep 6, 2019
Five Nights At Freddy's: Sister Location Characters
263
5.00
Gaming
Jun 23, 2020
Go to Creator's Profile
Score Distribution
Quiz Creator Spotlight
LexMario9
Follow
Send a Message
Quizzes Created
-
Created Quiz Play Count
-
More By This Creator
Popular Quizzes Today
1
Find the US States - No Outlines Minefield
2
Find the Countries of Europe - No Outlines Minefield
3
The Countries of the World
4
Find the US States
5
Risky Map Clicking: Biggest States A-Z
6
US States
7
Popular People in 1961
8
Movies - When Are They Set?
More Music Quizzes
Genesis by any 3 letters
Quiz Lab
Trending Quizzes
Risky Map Clicking: Least Populous States A-Z
Countries of the World: 200 Million BC
Billboard Blitz: Aretha Franklin
1-10 Letter G Words
Famous Russians: Author or Composer?
Recently Updated
Leaping Animals
pecheneg
Reality TV Shows (A-Z)
bhenderson79
Rickey Henderson's Hall of Fame Teammates
pecheneg
Champions League XIs: Arsenal
pecheneg
Quick Pick: Celebrities in WWE's Hall of Fame
aduchscher
A-Z Keypad Blitz II
pecheneg
Multiple Oscar Actors
pecheneg
Mystery Phrase Blitz: Oscar 'Best Actors'
pecheneg
F. Scott Fitzgerald Novels
LTH
Pick 3 Villains
ddd62291
Trending Topics
NBA
Marvel
Kpop
Harry Potter
Anime
Crossword
Disney
The Office
Soccer
Song
Country
WWE
Pokémon
Puzzle
NFL
Your Account Isn't Verified!
In order to create a playlist on Sporcle, you need to verify the email address you used during registration. Go to your
Sporcle Settings
to finish the process.
Report this User
Report this user for behavior that violates our
Community Guidelines
.
Details:
Send Report
Go to the Sporcle.com Mobile Site →
Comments